| 000 | 00594nam a2200217 a 4500 | ||
|---|---|---|---|
| 001 | BRCA_6369 | ||
| 005 | 20190321142923.0 | ||
| 008 | 940315s1955####nyua#####b---#001-0#eng-# | ||
| 041 | _anyu | ||
| 044 | _aeng | ||
| 050 | 4 | _b.E45 1955 | |
| 245 | 1 | 0 | _aEllery Queen´s Mystery Magazine. |
| 260 |
_aNueva York _bMercury Publications _c1955 |
||
| 300 |
_a143 p. _c20 cm. |
||
| 500 | _aVol. 25, No. 2, Whole No. 135, febrero 1955 | ||
| 500 | _aRevista inventariada por Banco de México como libro | ||
| 500 | _aCEF49 | ||
| 650 | 1 | 4 |
_aNovelas policíacas _9877 |
| 902 | _aGFM | ||
| 942 |
_2lcc _cB |
||
| 999 |
_c6055 _d6055 |
||